Normal view
MARC view
Entry Topical Term
001 - CONTROL NUMBER
- control field: 10599
003 - CONTROL NUMBER IDENTIFIER
- control field: ARRUPE
005 - DATE AND TIME OF LATEST TRANSACTION
- control field: 20140605143606.0
008 - FIXED-LENGTH DATA ELEMENTS
- fixed length control field: 140605|| aca||aabn | a|a d
040 ## - CATALOGING SOURCE
- Original cataloging agency: ARRUPE
- Transcribing agency: ARRUPE
150 ## - HEADING--TOPICAL TERM
- Topical term or geographic name as entry element: Teacher Training
- Geographic subdivision: Great Britain
670 ## - SOURCE DATA FOUND
- Source citation: Work cat.: (ARRUPE): Gordon, Peter et al... 10598, Is Teaching a Profession, 1983